Welcome to CU Library Online Public Access Catalogue (OPAC)

Total fitness and wellness / (Record no. 2930)

MARC details
000 -LEADER
fixed length control field 00674aam a22002294a 4500
001 - CONTROL NUMBER
control field 12747510
005 - DATE AND TIME OF LATEST TRANSACTION
control field 20250123141805.0
008 - FIXED-LENGTH DATA ELEMENTS--GENERAL INFORMATION
fixed length control field 020419s2003 caua b 001 0 eng
020 ## - INTERNATIONAL STANDARD BOOK NUMBER
International Standard Book Number 9780805365054
050 00 - LIBRARY OF CONGRESS CALL NUMBER
Classification number RA781
Item number .P66 2003b
082 00 - DEWEY DECIMAL CLASSIFICATION NUMBER
Classification number 613.7
Edition information 21
100 1# - MAIN ENTRY--PERSONAL NAME
Personal name Powers, Scott K.
Fuller form of name (Scott Kline),
Dates associated with a name 1950-
245 10 - TITLE STATEMENT
Title Total fitness and wellness /
Statement of responsibility, etc. Scott K. Powers, Stephen L. Dodd.
250 ## - EDITION STATEMENT
Edition statement Brief ed.
260 ## - PUBLICATION, DISTRIBUTION, ETC.
Place of publication, distribution, etc. San Francisco :
Name of publisher, distributor, etc. Benjamin Cummings,
Date of publication, distribution, etc. c2003.
300 ## - PHYSICAL DESCRIPTION
Extent xxv, 312 p. :
Other physical details col. ill. ;
Dimensions 28 cm.
650 #0 - SUBJECT ADDED ENTRY--TOPICAL TERM
Topical term or geographic name entry element Exercise.
650 #0 - SUBJECT ADDED ENTRY--TOPICAL TERM
Topical term or geographic name entry element Physical fitness.
650 #0 - SUBJECT ADDED ENTRY--TOPICAL TERM
Topical term or geographic name entry element Health.
700 1# - ADDED ENTRY--PERSONAL NAME
Personal name Dodd, Stephen L.
942 ## - ADDED ENTRY ELEMENTS (KOHA)
Source of classification or shelving scheme Library of Congress Classification
Koha item type Books
Edition Brief ed.
Suppress in OPAC No
999 ## -
-- 2930
-- 2930
Holdings
Withdrawn status Lost status Source of classification or shelving scheme Damaged status Not for loan Collection Home library Current library Shelving location Date acquired Total checkouts Full call number Barcode Date last seen Copy number Price effective from Koha item type
    Library of Congress Classification     Non-fiction Science Library (Miotso) Science Library (Miotso) General stacks 01/23/2025   RA781 .P66 POW SLM00002332 01/23/2025 1 01/23/2025 Books
    Library of Congress Classification     Non-fiction Science Library (Miotso) Science Library (Miotso) General stacks 01/23/2025   RA781 .P66 POW SLM00002333 01/23/2025 2 01/23/2025 Books
© 2023-2024 Copyright: Central University Libraries. All Rights Reserved | Created by: Mahone Tech Office